| Tag |
First Indicator |
Second Indicator |
Subfields |
| LEADER |
00000cam a2200000 a 4500 |
| 001 |
in00001272004 |
| 005 |
20151004050936.0 |
| 008 |
950602s1995 nyua b 001 0 eng |
| 010 |
|
|
|a 95024116
|
| 020 |
|
|
|a 0028740521
|
| 035 |
|
|
|a (OCoLC)32703508
|
| 035 |
|
|
|9 AGW4247AM
|
| 040 |
|
|
|a DLC
|c DLC
|d TXA
|d UtOrBLW
|
| 043 |
|
|
|a e-ur-ru
|
| 049 |
|
|
|a TXAM
|
| 050 |
0 |
0 |
|a DK557
|b .V65 1995
|
| 082 |
0 |
0 |
|a 947/.453
|2 20
|
| 100 |
1 |
|
|a Volkov, Solomon.
|
| 245 |
1 |
0 |
|a St. Petersburg :
|b a cultural history /
|c Solomon Volkov ; translated by Antonina W. Bouis.
|
| 246 |
3 |
|
|a Saint Petersburg
|
| 264 |
|
1 |
|a New York :
|b Free Press,
|c [1995]
|
| 264 |
|
4 |
|c ©1995
|
| 300 |
|
|
|a xxiv, 598 pages :
|b illustrations ;
|c 25 cm.
|
| 336 |
|
|
|a text
|b txt
|2 rdacontent
|
| 337 |
|
|
|a unmediated
|b n
|2 rdamedia
|
| 338 |
|
|
|a volume
|b nc
|2 rdacarrier
|
| 504 |
|
|
|a Includes bibliographical references (pages 551-577) and index.
|
| 651 |
|
0 |
|a Saint Petersburg (Russia)
|x Civilization.
|
| 999 |
|
|
|a MARS
|
| 999 |
f |
f |
|s cf543df7-d0db-3b79-bb7f-ee68398b1847
|i 2460e608-47de-3656-8de4-c16e9c2cbfc0
|t 0
|
| 952 |
f |
f |
|p ric
|a Texas A&M University
|b Rellis Campus
|c Joint Library Facility
|d Remote Storage
|t 0
|e DK557 .V65 1995
|h Library of Congress classification
|i unmediated -- volume
|m A14819897275
|
| 998 |
f |
f |
|a DK557 .V65 1995
|t 0
|l Remote Storage
|